ARRUPE JESUIT UNIVERSITY

CORONAVIRUS -STOP THE SPREAD - CLEAN,DISINFECT,COVER
Normal view MARC view

Entry Personal Name

Number of records used in: 1

001 - CONTROL NUMBER

  • control field: 10523

003 - CONTROL NUMBER IDENTIFIER

  • control field: ARRUPE

005 - DATE AND TIME OF LATEST TRANSACTION

  • control field: 20140602123855.0

008 - FIXED-LENGTH DATA ELEMENTS

  • fixed length control field: 140602|| aca||aabn | a|a d

040 ## - CATALOGING SOURCE

  • Original cataloging agency: ARRUPE
  • Transcribing agency: ARRUPE

100 ## - HEADING--PERSONAL NAME

  • Personal name: Pirie, N. W.
  • Fuller form of name: (Norman Wingate),
  • Dates associated with a name: 1907-

670 ## - SOURCE DATA FOUND

  • Source citation: Work cat.: (ARRUPE)0: Pirie, N. W. (Norman Wingate), 1907-, Food resources: conventional and novel, 1969.

 

Arrupe Library. PO Box MP320 Mt Pleasant, Harare, Zimbabwe
263 242 745411|librarian@aju.ac.zw